Countries with mythical creatures as a National Animal - Statistics

General Stats
  • This quiz has been taken 37 times
  • The average score is 5 of 14
Answer Stats
Animal Country % Correct
Dragon China
74%
Dragon Bhutan
69%
Dragon Wales
69%
Unicorn Scotland
66%
Double-Headed Eagle Russia
51%
Federal Eagle Germany
40%
White Eagle Serbia
26%
Federal Eagle Austria
20%
Phoenix Greece
20%
Garuda Indonesia
20%
Mythical Lion Belgium
17%
Double-Tailed Lion Czech Republic
14%
Chollima North Korea
14%
Falco Cherrug Hungary
9%
No matching quizzes found
Score Distribution
Percent of People with Each Score
Percentile by Number Answered
Your Score History
You have not taken this quiz